| 000 | 00710nam a22002297a 4500 | ||
|---|---|---|---|
| 003 | BD-DhJNU | ||
| 005 | 20251109035029.0 | ||
| 008 | 251109b |||||||| |||| 00| 0 eng d | ||
| 020 | _a9781337406291 | ||
| 020 | _a9781337561006 | ||
| 040 |
_aBD-DhJNU _bENG _cBD-DhJNU _dBD-DhJNU |
||
| 082 |
_223 _a174.936106 |
||
| 100 | _aCorey, Gerald | ||
| 245 |
_a Issues & ethics in the helping professions / _cGerald Corey, Marianne Schneider Corey and Cindy Corey |
||
| 260 |
_aAustralia : _bCengage Learning, _c2019. |
||
| 300 |
_axix, 523 p. : _bill. ; _c24 cm. |
||
| 504 | _aincludes index | ||
| 650 | _aProfessional ethics | ||
| 700 | _aCorey, Marianne Schneider | ||
| 700 | _aCorey, Cindy | ||
| 942 |
_2ddc _cBK _n0 |
||
| 999 |
_c2346 _d2346 |
||